مكتبة جامعة عجلون الوطنية

فهرس بحث المكتبة

الأسس الفنية والميكانيكية لرياضة رفع الأثقال (Record no. 34081)

MARC details
000 -LEADER
fixed length control field 00961nam a22002297a 4500
003 - CONTROL NUMBER IDENTIFIER
control field JO-AjAnu
005 - DATE AND TIME OF LATEST TRANSACTION
control field 20251014093317.0
008 - FIXED-LENGTH DATA ELEMENTS--GENERAL INFORMATION
fixed length control field 251013b jo ||||| |||| 00| 0 ara d
020 ## - INTERNATIONAL STANDARD BOOK NUMBER
International Standard Book Number 978-9922-730-67-6
022 ## - INTERNATIONAL STANDARD SERIAL NUMBER
International Standard Serial Number 956/2024
040 ## - CATALOGING SOURCE
Original cataloging agency ANU
Transcribing agency JO-AjAnu
041 ## - LANGUAGE CODE
Language code of original ARA
100 ## - MAIN ENTRY--PERSONAL NAME
Personal name الدليمي، سعد نافع علي
Relator term مؤلف
9 (RLIN) 66823
245 ## - TITLE STATEMENT
Title الأسس الفنية والميكانيكية لرياضة رفع الأثقال
Statement of responsibility, etc. / تاليف سعد نافع علي الدليمي وآخرون
260 ## - PUBLICATION, DISTRIBUTION, ETC.
Place of publication, distribution, etc. بابل :
Name of publisher, distributor, etc. مؤسسة الصادق الثقافية للنشر والتوزيع،
Date of publication, distribution, etc. 2025
300 ## - PHYSICAL DESCRIPTION
Extent 195 صفحة
650 ## - SUBJECT ADDED ENTRY--TOPICAL TERM
Form subdivision رفع الأثقال
700 ## - ADDED ENTRY--PERSONAL NAME
Personal name الجنابي، سلمان عكاب سرحان
Relator term مؤلف مشارك
9 (RLIN) 66824
700 ## - ADDED ENTRY--PERSONAL NAME
Personal name عباس، حسين حسون
Relator term مؤلف مشارك
9 (RLIN) 66825
700 ## - ADDED ENTRY--PERSONAL NAME
Personal name الغرابي، عباس أدريس نور
Relator term مؤلف مشارك
9 (RLIN) 66826
942 ## - ADDED ENTRY ELEMENTS (KOHA)
Source of classification or shelving scheme Library of Congress Classification
Koha item type Books
Suppress in OPAC No
Holdings
Withdrawn status Lost status Source of classification or shelving scheme Damaged status Not for loan Home library Current library Date acquired Total Checkouts Full call number Barcode Date last seen Price effective from Koha item type
    Library of Congress Classification     مكتبة جامعة عجلون الوطنية مكتبة جامعة عجلون الوطنية 13/10/2025   GV511.2025 A30436 13/10/2025 13/10/2025 Books